| 000 | 00773nam a2200241 a 4500 | ||
|---|---|---|---|
| 999 |
_c12559 _d12559 |
||
| 001 | 12559 | ||
| 003 | BD-JhCC | ||
| 005 | 20220906092754.0 | ||
| 008 | 220904b2020 bg a|||| |||a 000 0 ben d | ||
| 020 | _a9789849338972 | ||
| 035 | _a(BD-JhCC)12559 | ||
| 040 |
_aBD-JhCC _dBD-JhCC |
||
| 041 | _aBengali | ||
| 082 |
_a920 _bHAS 2020 |
||
| 100 | _aহাসান, মোঃ জাহিদুল করিম | ||
| 245 |
_aসবার প্রিয় শেখ রাসেল / _cমোঃ জাহিদুল করিম হাসান। |
||
| 260 |
_aঢাকা : _bশিক্ষা প্রকাশন ; _c২০২০. |
||
| 300 |
_a112 p. : _bill; _c22 cm. |
||
| 650 | _aBiography | ||
| 650 | _aSheikh Rasel | ||
| 942 |
_2ddc _cBK |
||